00430cam a2200157ua 450000100060000000800390000602000150004504000090006008200100006910000310007924500530011025000130016326000570017630000100023365300290024310753190401n ii |||gr||||Z||||||eng a8171008135 cMAIN a323.4 aB P Singh Sehgal,eAuthor. aHuman rights in indiabProblems and perspectives a1st rep. aNew Delhi:bDeep & deep publications pvt ltd,c2008. a654p. aCivil & political rights